00755nam a2200193 i 450000100060000000300090000600500170001500700030003200800410003510000320007624501450010825000150025326000550026830000320032370000350035585200320039099900170042295201220043935319ES-MaACL20230906155115.0t|030212s1963 sp ||||1| spa d1 aBorges, Ana Dolores.93045713aLa Casa de Austria en Venezuela durante la Guerra de Sucesión Españolab: (1702-1715) / cAnalola Borges ; prólogo de Alexander Randa. a[1ª ed.]. a[Santa Cruz de Tenerife : bs.n., c1963] (fGoya) a164 p., 4 lám. ; c23 cm.1 aRanda, Alexander, eil.995403 aES-MaACLjC-26620 bR.54579 c35319d35319 00104070aATENEOMbATENEOMcDEPO2d2008-01-17eSCl0oC-26620p1036947r2023-02-23 00:00:00w2023-02-23yMONOGRAFIA